| 000 | 00705nam a2200205 i 4500 | ||
|---|---|---|---|
| 001 | 60303 | ||
| 003 | ES-MaACL | ||
| 005 | 20230906164215.0 | ||
| 007 | t| | ||
| 008 | 031104s1932 sp ||||1| spa d | ||
| 100 | 1 |
_aEscobedo Gónzalez-Alberú, José. _947576 |
|
| 245 | 1 | 3 |
_aLa crisis de la democracia individualista / _cpor el Doctor José Escobedo G. Alberú. |
| 260 |
_aMadrid : _b[s.n.], _c1932 ( _fImp. Góngora) |
||
| 300 |
_a124 p. ; _c22 cm. |
||
| 594 | _aPrecede al tít.: Universidad de La Laguna. Apertura del curso de 1932 a 1933. | ||
| 650 | 4 |
_aDemocracia- _yS.XX. _911573 |
|
| 650 | 4 |
_aIndividualismo. _913708 |
|
| 710 | 2 |
_aUniversidad de La Laguna. _97194 |
|
| 852 |
_aES-MaACL _j1776-F-1 |
||
| 999 |
_c60303 _d60303 |
||